02423cam a22003974i 4500003000900000005001700009008004100026020001800067035002700085040003300112082001700145245009500162264006000257300003800317336002100355337002500376338002300401505130400424526001001728526001001738526001001748526001001758526000801768526000801776526000801784526000801792526000801800526000801808526000801816541002501824630005301849650003601902650003701938700002601975700002402001PE-LiUPU20250731173336.0150706s r 000 0 d a9780802845603 a(Sirsi) i9780802845603 aPE-LiUPUbspacPE-LiUPUerda04a234.8bH22101aHoliness and ecclesiology in the New Testament /cedited by Kent E. Brower & Andy Johnson. 1aGrand Rapids, Mich. :bWilliam B. Eerdmans Pub.,c2007. a385 páginas ;c24 centímetros atext2rdacontent aunmediated2rdamedia avolume2rdacarrier0 aHoliness and the Ekkle¯sia of God -- The Dead Sea Scrolls and New Testament ecclesiology -- Holiness in the Dead Sea Scrolls : the priorities of faith -- Holiness and ecclesiology : the church in Matthew -- The Holy One of God and his disciples : holiness and ecclesiology in Mark -- Gathered at the table : holiness and ecclesiology in the Gospel of Luke -- The holiness of Jesus and his disciples in the Gospel of John -- Holiness in the book of acts -- Reading Paul with Acts : the canonical shaping of a holy church -- "You shall be cruciform for I am cruciform": Paul's trinitarian reconstruction of holiness -- Made holy by the Holy Spirit : holiness and ecclesiology in Romans -- Carnal conduct and sanctification in 1 Corinthians -- The people of God in a pluralistic society : holiness in 2 Corinthians -- Circumcision in Galatia and the holiness of God's ecclesiae -- Church and holiness in Ephesians -- Working out salvation : holiness and community in Philippians -- The sanctification of the imagination in 1 Thessalonians -- The perfection of Christ and the perfecting of believers in Hebrews -- Living as exiles : the church in the diaspora in 1 Peter -- Holiness and ecclesiology in Jude and 2 Peter -- "On earth as it is in heaven" : holiness and the people of God in Revelation. aSEG42 aSEG41 aSEG40 aSEG39 aP94 aP87 aP86 aP85 aP77 aP76 aP35 g104-3776787-4588217; aBiblia.pN.T.xCrítica, interpretación, etc.04aIglesiaxEnseñanza Bíblica.04aSantidadxEnseñanza Bíblica.1 aBrower, Kent E.,eed.1 aJohnson, Andy,eed.